[Event "14th FAJR Open"]
[Site "Tehran IRI"]
[Date "2006.01.25"]
[Round "2"]
[White "Sadeghi,S"]
[Black "Abbasifar,H"]
[Result "1/2-1/2"]
[WhiteElo "2134"]
[BlackElo "2353"]

1.e4 c5 2.Nc3 Nc6 3.Bb5 g6 4.Bxc6 bxc6 5.d3 Bg7 6.Be3 Rb8 7.Qc1 Qa5 8.Ne2 Nf6
9.O-O O-O 10.a3 Ng4 11.Bg5 Qc7 12.f4 f6 13.Bh4 e6 14.h3 Nh6 15.Bf2 d6 16.Rb1 Nf7
17.g4 Ba6 18.Qe3 Ra8 19.Ng3 c4 20.d4 Bh6 21.Qf3 Bb7 22.h4 Rae8 23.f5 d5 24.fxg6 hxg6
25.Qxf6 Nh8 26.Qe5 Qd8 27.Nge2 Rf3 28.Bg3 Re3 29.g5 Bg7 30.Qf4 Rxg3+ 31.Qxg3 c5
32.e5 cxd4 33.Nxd4 Qb6 34.Ne2 Nf7 35.c3 Nxe5 36.Nf4 Nc6 37.Nxg6 Nxd4 38.cxd4 Qxd4+
39.Qf2 Qg4+ 40.Kh2 d4 41.Qf7+ Kh7 42.Qxb7 Qe2+ 43.Kh3 Qd3+ 44.Kg2 Qxg6 45.Qf7 Qe4+
46.Kg3 Rb8 47.Qh5+ Kg8 48.Qf7+ Kh7 49.Qh5+ Kg8 50.Qf7+ Kh7 51.Qh5+ Kg8 52.Qf7+  1/2-1/2

[Event "14th FAJR Open"]
[Site "Tehran IRI"]
[Date "2006.01.25"]
[Round "3"]
[White "Badjarani,I"]
[Black "Tehrani,A"]
[Result "1-0"]
[WhiteElo "2323"]
[BlackElo "2173"]

1.e4 c5 2.Nf3 Nc6 3.Nc3 e5 4.Bc4 Be7 5.d3 d6 6.Nd2 Nf6 7.Nf1 O-O 8.Ne3 Be6
9.O-O Ne8 10.g3 Nc7 11.f4 Nd4 12.a4 exf4 13.gxf4 Bxc4 14.dxc4 f5 15.exf5 Nxf5
16.Nxf5 Rxf5 17.Qd3 Qf8 18.Ne4 d5 19.Ng3 Rf7 20.cxd5 Bd6 21.f5 c4 22.Qxc4 Bxg3
23.hxg3 Rd8 24.Rd1 Ne8 25.g4 Nd6 26.Qb4 h5 27.Bg5 Rdd7 28.Rf1 hxg4 29.f6 gxf6
30.Bf4 f5 31.Rae1 Ne4 32.Qxf8+ Rxf8 33.c4 Kg7 34.Rxe4 fxe4 35.Bh6+ Kxh6 36.Rxf8 Kg5
37.Kf2 b6 38.b4 Kh4 39.Rh8+ Kg5 40.Ke3 g3 41.Rg8+ Kh4 42.Kxe4 Kh3 43.c5 bxc5
44.bxc5 g2 45.c6 Re7+ 46.Kd4 Re8 47.Rxg2 Kxg2 48.c7  1-0

[Event "Gibtelecom Masters"]
[Site "Gibraltar ENG"]
[Date "2006.01.28"]
[Round "5"]
[White "Bakre,T"]
[Black "Borchgrevink,H"]
[Result "1-0"]
[WhiteElo "2480"]
[BlackElo "2265"]

1.e4 c5 2.Nc3 Nc6 3.Bb5 g6 4.Bxc6 dxc6 5.d3 e5 6.f4 exf4 7.Bxf4 Bg7 8.Qd2 h6
9.Nf3 Bg4 10.O-O Ne7 11.Kh1 b6 12.Rf2 g5 13.Bg3 Ng6 14.Raf1 Be6 15.h3 Qd7
16.e5 g4 17.hxg4 h5 18.Ne4 O-O-O 19.Nd6+ Kb8 20.g5 h4 21.Bh2 h3 22.g4 Ka8
23.Qe3 Nxe5 24.Bxe5 Bxe5 25.Qxe5 Qxd6 26.Qxd6 Rxd6 27.Ne5 Rd5 28.Nxf7 Bxf7
29.Rxf7 Rxg5 30.Rf8+ Rxf8 31.Rxf8+ Kb7 32.Rf4 Rg7 33.Kh2 Re7 34.Kxh3 Re2
35.g5 Rxc2 36.g6 Rc1 37.g7 Rg1 38.Rg4  1-0

[Event "GM"]
[Site "Marianske Lazne CZE"]
[Date "2006.01.28"]
[Round "10"]
[White "Petr,Ma"]
[Black "Mahjoob,M"]
[Result "0-1"]
[WhiteElo "2416"]
[BlackElo "2419"]

1.e4 c5 2.Nf3 Nc6 3.Nc3 Nf6 4.d4 cxd4 5.Nxd4 Qb6 6.Nb3 e6 7.Be3 Qc7 8.f3 Bb4
9.Qd2 d5 10.Bf4 e5 11.exd5 exf4 12.dxc6 bxc6 13.Qd4 Rb8 14.Qc4 O-O 15.O-O-O a5
16.g4 Nd7 17.Ne4 a4 18.Nbc5 Nxc5 19.Nxc5 a3 20.b3 Ba5 21.Nd3 Bb6 22.Qe4 Be3+
23.Kb1 Kh8 24.g5 Bh3 25.Ne5 f5 26.gxf6 Rxf6 27.Ng4 Bxg4 28.fxg4 Rff8 29.Bd3 g6
30.Qc4 Qg7 31.c3 c5 32.Bc2 Rb4 33.Qd3 Bd4 34.cxd4 Rxd4 35.Qxd4 cxd4 36.Rd3 f3
37.Rf1 f2 38.Rd2 Qe5 39.Kc1 d3  0-1

[Event "GM"]
[Site "Marianske Lazne CZE"]
[Date "2006.01.28"]
[Round "10"]
[White "Simacek,P"]
[Black "Stehno,P"]
[Result "1/2-1/2"]
[WhiteElo "2480"]
[BlackElo "2310"]

1.e4 c5 2.Nf3 Nc6 3.Nc3 Nf6 4.Bb5 Qc7 5.O-O a6 6.Bxc6 Qxc6 7.e5 Nd5 8.Ne4 Nc7
9.Re1 Ne6 10.d4 cxd4 11.Nxd4 Nxd4 12.Qxd4 e6 13.Bg5 b6 14.f3 Bc5 15.Nxc5 bxc5
16.Qc3 Bb7 17.Re4 Rc8 18.Rc4 f6 19.exf6 O-O 20.fxg7 Rf5 21.Bd2 d5 22.Rf4 d4
23.Qd3 Qd5 24.c4 Qd7 25.Re1 Rh5 26.Rg4 e5 27.Rg5 Rxg5 28.Bxg5 Re8 29.Bf6 Qd6
30.Bh4 Kxg7 31.Qf5 d3 32.Rd1 e4 33.Qg5+ Qg6 34.fxe4 Bxe4 35.Rd2 Qxg5 36.Bxg5 Bg6
37.Kf2 h5 38.g3 Kf7 39.Be3 Rd8 40.Kf3 Ke6 41.Bf4 Kd7 42.h3 Re8 43.g4 hxg4+
44.hxg4 a5 45.Rh2 a4 46.Bd2 Bf7 47.Rh7 Re7 48.Kf4 Bxc4 49.Rxe7+ Kxe7 50.a3 Bb3
51.Ke5 Kf7  1/2-1/2

[Event "14th FAJR Open"]
[Site "Tehran IRI"]
[Date "2006.01.29"]
[Round "7"]
[White "Rafiei,A1"]
[Black "Sadeghi,M"]
[Result "1-0"]
[WhiteElo "2233"]
[BlackElo "2179"]

1.e4 c5 2.Nc3 Nc6 3.Bb5 g6 4.f4 Bg7 5.Nf3 e6 6.e5 d5 7.exd6 Qxd6 8.Ne4 Qxf4
9.Bxc6+ bxc6 10.d3 Qc7 11.O-O h6 12.Be3 f5 13.Nxc5 Ne7 14.d4 O-O 15.Ne5 Rb8
16.b3 Rb5 17.Ncd3 c5 18.c4 cxd4 19.cxb5 dxe3 20.Rc1 Qd6 21.Nc4 Qd4 22.Qe2 Nd5
23.Kh1 f4 24.Ne1 Nc3 25.Qc2 Bb7 26.Qxg6 e2 27.Rg1 Ne4 28.h3 Ng3+ 29.Kh2 Nf1+
30.Kh1 Ng3+ 31.Kh2 Kh8 32.Nd2 f3 33.Nexf3  1-0

[Event "14th FAJR Open"]
[Site "Tehran IRI"]
[Date "2006.01.29"]
[Round "8"]
[White "Badjarani,I"]
[Black "Mirzaei,H"]
[Result "1-0"]
[WhiteElo "2323"]
[BlackElo "2193"]

1.e4 c5 2.Nf3 Nc6 3.Nc3 Nf6 4.d4 cxd4 5.Nxd4 d6 6.Bc4 g6 7.h3 Bg7 8.Be3 O-O
9.Bb3 Na5 10.O-O Nxb3 11.axb3 Bd7 12.Re1 a6 13.Bg5 Qb6 14.Nf3 Bc6 15.Nd5 Bxd5
16.exd5 Rfe8 17.Be3 Qc7 18.Bd4 b5 19.c3 Qb7 20.Bxf6 Bxf6 21.b4 Qb6 22.Ra5 Ra7
23.Qd3 e5 24.Nd4 e4 25.Rxe4 Rxe4 26.Qxe4 Re7 27.Qd3 Re1+ 28.Kh2 Be5+ 29.g3 Bxd4
30.cxd4 Qb7 31.Qf3 Rb1 32.Ra3 Rxb2 33.Qf6 Rc2 34.Re3 Qd7 35.Kg2 Rc7 36.g4 h6
37.Re4 Kh7 38.Kg3 Rc3+ 39.f3 Rc7 40.h4 Qc8 41.h5 g5 42.Re2 Ra7 43.Qxd6 Rd7
44.Qf6 Qc1 45.Kg2 Qc8 46.Qf5+ Kg7 47.Re7  1-0

[Event "14th FAJR Open"]
[Site "Tehran IRI"]
[Date "2006.01.29"]
[Round "8"]
[White "Durarbeyli,V"]
[Black "Mahmoody,M"]
[Result "1-0"]
[WhiteElo "2163"]
[BlackElo "2232"]

1.e4 c5 2.Nf3 Nc6 3.Nc3 e5 4.Bc4 d6 5.d3 Be7 6.O-O Be6 7.Nd5 h6 8.c3 Nf6
9.d4 exd4 10.cxd4 Bxd5 11.exd5 Na5 12.Bb5+ Kf8 13.dxc5 dxc5 14.Bd2 Nxd5 15.Bxa5 Qxa5
16.Qxd5 Qxb5 17.Ne5 Qe8 18.Rfe1 Rd8 19.Qxb7 Kg8 20.Nc6 Rd7 21.Nxe7+ Kh7 22.Qe4+ g6
23.Nd5 Qxe4 24.Nf6+ Kg7 25.Nxe4 c4 26.Kf1 Rb8 27.Rab1 Rd5 28.b3 cxb3 29.Rxb3 Rbd8
30.g3 Ra5 31.Nc3 g5 32.Kg2 Kg6 33.Re7 Rd3 34.Ne4 Rd1 35.g4 Re1 36.Rf3 Ra6
37.h3 Rc6 38.Rf5 a6 39.Kf3 Rc3+ 40.Nxc3 Rxe7 41.Ra5 Re6 42.Ne4 Rc6 43.Nc5 f6
44.Nxa6 Rc3+ 45.Kg2 h5 46.Nc5 Rc4 47.gxh5+ Kxh5 48.Nb3 Kg6 49.Nd2 Rf4 50.a4 f5
51.Ra6+ Kh5 52.Nf1 g4 53.Ng3+ Kg5 54.hxg4 fxg4 55.a5 Ra4 56.Ra8 Kg6 57.a6 Ra3
58.a7 Kh7 59.Nh5 Ra6 60.Nf6+ Rxf6  1-0

[Event "Gibtelecom Masters"]
[Site "Gibraltar ENG"]
[Date "2006.01.30"]
[Round "7"]
[White "Roy Chowdhury,S"]
[Black "Pelletier,Y"]
[Result "1/2-1/2"]
[WhiteElo "2393"]
[BlackElo "2579"]

1.e4 c5 2.Nc3 Nc6 3.Bb5 g6 4.Bxc6 bxc6 5.d3 Bg7 6.f4 d6 7.Nf3 Nh6 8.O-O f5
9.e5 dxe5 10.fxe5 Nf7 11.Re1 Nxe5 12.Nxe5 Qd4+ 13.Be3 Qxe5 14.Qf3 O-O 15.Qxc6 Rb8
16.Bxc5 Bb7 17.Rxe5 Bxc6 18.Rxe7 Rfc8 19.Rxg7+ Kxg7 20.b4 Re8 21.Kf2 g5 22.d4 a6
23.d5 Bd7 24.Rd1 f4 25.d6 Kf7 26.Nd5 Re5 27.Nb6 Bg4 28.Rd2 Rbe8 29.h3 Re2+
30.Rxe2 Rxe2+ 31.Kf1 Bh5 32.d7 Rd2 33.a4 Rd1+ 34.Kf2 Rd2+ 35.Kf1 Rd1+ 36.Kf2 Rd2+
37.Kf1 Rd1+  1/2-1/2

[Event "Gibtelecom Masters"]
[Site "Gibraltar ENG"]
[Date "2006.02.01"]
[Round "9"]
[White "Roy Chowdhury,S"]
[Black "Cmilyte,V"]
[Result "1/2-1/2"]
[WhiteElo "2393"]
[BlackElo "2475"]

1.e4 c5 2.Nf3 Nc6 3.Nc3 e5 4.Bc4 Be7 5.d3 d6 6.Nd2 Nf6 7.Nf1 Bg4 8.f3 Be6
9.Ne3 O-O 10.O-O a6 11.Ncd5 b5 12.Bb3 Rb8 13.c3 Na5 14.Bc2 Nxd5 15.Nxd5 Nc6
16.Bb3 Bg5 17.f4 exf4 18.Bxf4 Ne5 19.Bxe5 dxe5 20.a4 c4 21.dxc4 bxc4 22.Bxc4 Rxb2
23.Rb1 Rxb1 24.Qxb1 Qc8 25.Qd3 Qc5+ 26.Kh1 a5 27.Rb1 h6 28.Nb6 Rd8 29.Bd5 Rb8
30.Bxe6 Rxb6  1/2-1/2

[Event "Young Masters"]
[Site "Cuernavaca MEX"]
[Date "2006.02.03"]
[Round "1"]
[White "Leon Hoyos,M"]
[Black "Felgaer,R"]
[Result "1/2-1/2"]
[WhiteElo "2428"]
[BlackElo "2607"]

1.e4 c5 2.Nc3 Nc6 3.Nf3 e5 4.Bc4 Be7 5.d3 d6 6.Nd2 Nf6 7.Nf1 O-O 8.Ne3 a6
9.a4 Nb4 10.O-O Be6 11.f4 exf4 12.Rxf4 d5 13.exd5 Nfxd5 14.Bxd5 Nxd5 15.Ncxd5 Bxd5
16.Nxd5 Qxd5 17.Qf3 Rad8 18.Be3 Bf6 19.Rf5 Qxf3 20.Rxf3 Rd5 21.Rb1 Re8 22.Kf1 b5
23.axb5 axb5 24.Bf2 c4 25.d4 b4 26.c3 b3 27.Ra1 h5 28.Ra4 Bg5 29.Bg3 Bc1
30.Rf2 Re4 31.Ra8+ Kh7 32.Ra1 h4 33.Rxc1 hxg3 34.hxg3 Rh5 35.Kg1 f6 36.Rd2 Rd5
37.Ra1 Kg6 38.Rf2 Rd8 39.Rd2 Rd5 40.Rf2 Rd8 41.Kf1 Rh8 42.Kg1  1/2-1/2

[Event "Open"]
[Site "Moscow RUS"]
[Date "2006.02.03"]
[Round "6"]
[White "Novikov,St"]
[Black "Gasanov,E"]
[Result "1/2-1/2"]
[WhiteElo "2520"]
[BlackElo "2414"]

1.e4 c5 2.Nf3 Nc6 3.Nc3 d6 4.d4 cxd4 5.Nxd4 Nf6 6.Be2 g6 7.Be3 Bg7 8.O-O O-O
9.Nb3 Be6 10.f4 Rc8 11.f5 Bd7 12.Qe1 a6 13.Qh4 Ne5 14.g4 Rxc3 15.bxc3 Nxe4
16.Bd4 Bf6 17.Qe1 gxf5 18.gxf5 Kh8  1/2-1/2

[Event "TCh-FRA Top 16 Gp A"]
[Site "Paris FRA"]
[Date "2006.02.03"]
[Round "1"]
[White "Adams,Mi"]
[Black "Hamdouchi,H"]
[Result "1-0"]
[WhiteElo "2707"]
[BlackElo "2575"]

1.e4 c5 2.Nf3 Nc6 3.Nc3 Nf6 4.Bb5 Qc7 5.d3 d6 6.O-O e6 7.Bxc6+ Qxc6 8.Bf4 Be7
9.e5 Nd7 10.d4 dxe5 11.Nxe5 Nxe5 12.dxe5 b6 13.Qh5 O-O 14.f3 f5 15.Bg5 Bxg5
16.Qxg5 Qc7 17.Qf4 Ba6 18.Rfd1 Rad8 19.Rd6 Rxd6 20.exd6 Qf7 21.Rd1 Bc8 22.Nb1 Bd7
23.Nd2 Bb5 24.b4 cxb4 25.Qxb4 Qd7 26.f4 Rc8 27.Nf3 a5 28.Qb3 Bc4 29.Qxb6 Qd8
30.Qxd8+ Rxd8 31.Ne5 Bxa2 32.d7  1-0

[Event "ch-GER"]
[Site "Osterburg GER"]
[Date "2006.02.04"]
[Round "2"]
[White "Rathje,C"]
[Black "Zuse,KP"]
[Result "1/2-1/2"]
[WhiteElo "2130"]
[BlackElo "2333"]

1.e4 c5 2.Nc3 Nc6 3.Nf3 d6 4.d4 cxd4 5.Nxd4 e5 6.Nb3 Be7 7.Be3 Nf6 8.f3 Be6
9.Nd5 O-O 10.Qd2 Bxd5 11.exd5 Nb8 12.O-O-O a5 13.Nc5 Nbd7 14.Ne4 Nxe4 15.fxe4 h6
16.g3 Bg5 17.h4 Bxe3 18.Qxe3 Re8 19.Bb5 Re7 20.Bxd7 Qxd7 21.Qf3 Rc8 22.Kb1 Qa4
23.Rh2 Rec7 24.Rdd2 Rc4 25.Rde2 Qb5 26.Rhf2 R8c7 27.g4 a4 28.a3 Rc3 29.Re3 Rxe3
30.Qxe3 Qc5 31.Qf3 b5 32.c3 Qc4 33.Ka1 b4 34.cxb4 Qd4 35.Kb1 Qc4 36.Ka1 Qc1+
37.Ka2 Qc4+ 38.Kb1 Qc1+ 39.Ka2 Qc4+  1/2-1/2

[Event "ch-UKR g-20"]
[Site "Lviv UKR"]
[Date "2006.02.07"]
[Round "6"]
[White "Berdiugina,E"]
[Black "Breslavska,G"]
[Result "0-1"]
[WhiteElo "2121"]
[BlackElo "2102"]

1.e4 c5 2.Nc3 Nc6 3.Bb5 Nd4 4.Bc4 g6 5.Nf3 Bg7 6.Nxd4 cxd4 7.Qf3 Nf6 8.Nb5 O-O
9.Nxd4 e5 10.Nb5 d5 11.exd5 a6 12.Nc3 e4 13.Qe2 b5 14.Bb3 b4 15.Nb1 Nxd5
16.Bxd5 Qxd5 17.O-O Bb7 18.c3 a5 19.Re1 f5 20.a3 f4 21.axb4 f3 22.Qf1 Ba6
23.Rxa5 Qxa5 24.bxa5 Bxf1 25.Kxf1 fxg2+ 26.Kxg2 Rxa5 27.Na3 Rg5+ 28.Kf1 Rh5
29.Kg2 Be5 30.Rxe4 Rxh2+ 31.Kg1 Rh5 32.d4 Bh2+ 33.Kg2 Bd6 34.Nc4 Rh2+ 35.Kg1 Rhxf2
36.Nxd6 Rf1+ 37.Kg2 Rxc1 38.Re2 Rd8 39.Ne4 Kg7 40.b4 Re8 41.d5 h5 42.d6 Rd1
43.Kf3 h4 44.c4 Rd3+ 45.Kg4 Rd4 46.c5 Rexe4+ 47.Rxe4 Rxe4+ 48.Kh3 Kf6 49.b5 Ke6
50.b6 Rb4 51.c6 Rxb6 52.d7 Ke7  0-1

[Event "FSGM February"]
[Site "Budapest HUN"]
[Date "2006.02.08"]
[Round "5"]
[White "Muzychuk,A"]
[Black "Murariu,A"]
[Result "1-0"]
[WhiteElo "2417"]
[BlackElo "2461"]

1.e4 c5 2.Nc3 Nc6 3.Bb5 d6 4.Bxc6+ bxc6 5.d3 g6 6.f4 Bg7 7.Nf3 Nf6 8.O-O O-O
9.Qe1 Nd7 10.f5 e5 11.g4 f6 12.b3 Bb7 13.Ne2 c4 14.bxc4 d5 15.Rb1 Qc7 16.Nc3 dxc4
17.d4 Bc8 18.Qg3 Rb8 19.Rxb8 Qxb8 20.dxe5 Nxe5 21.Nxe5 fxe5 22.Ba3 Rf7 23.Rd1 Rd7
24.Rxd7 Bxd7 25.Qe3 a5 26.Qc5 Qd8 27.Qe7 Bf6 28.Qxd8+ Bxd8 29.Bc5 h5 30.h3 hxg4
31.hxg4 Kf7 32.Kf2 Bh4+ 33.Ke2 Bd8 34.Na4 Be8 35.Kf3 Kg7 36.Bd6 Kf6 37.a3 Bf7
38.Nc5 gxf5 39.exf5 Bd5+ 40.Ne4+ Kf7 41.Bxe5 a4 42.Kf4 Be7 43.Nd6+ Bxd6 44.Bxd6 c3
45.Be5 Ba2 46.Bxc3  1-0

[Event "FSIMB February"]
[Site "Budapest HUN"]
[Date "2006.02.09"]
[Round "6"]
[White "Toth,E"]
[Black "Brustkern,J"]
[Result "0-1"]
[WhiteElo "2317"]
[BlackElo "2240"]

1.e4 c5 2.Nf3 Nc6 3.Nc3 Nf6 4.d4 cxd4 5.Nxd4 e5 6.Ndb5 d6 7.Bg5 a6 8.Na3 b5
9.Nd5 Be7 10.Nxe7 Nxe7 11.Bxf6 gxf6 12.c3 Bb7 13.Qd3 Qb6 14.O-O-O O-O-O 15.Qh3+ Kb8
16.Bd3 d5 17.f3 Ng6 18.Qh6 Nf4 19.exd5 Nxg2 20.Nc2 Bxd5 21.Be4 Bxe4 22.fxe4 Nf4
23.Qg7 Qe6 24.Kb1 h5 25.Qg1 Rd6 26.Nb4 Kb7 27.a4 bxa4 28.Qc5 Rhd8 29.Rxd6 Qxd6
30.Qa5 Qb6 31.Qxa4 a5 32.Nc2 Rd2 33.Qa2 Ne6 34.Na3 Qc6 35.Qb3+ Ka7 36.Re1 a4
37.Qb4 Nc7 38.h4 Na6 39.Qa5 Kb7 40.Ka1 Nc5 41.Qb4+ Kc8 42.Rg1 Kd7 43.Ka2 Nd3
44.Qf8 Qe6+ 45.c4 Rxb2+ 46.Ka1 Qe7 47.Qxe7+ Kxe7 48.Rf1 Rd2 49.Nb5 Nc5 50.Nc3 a3
51.Nd5+ Kf8 52.Rf3 Nxe4 53.Rxa3 Rc2 54.Ne3 Rf2 55.Ra5 Ke7 56.c5 Kd7 57.Ra7+ Kc6
58.Rxf7 Kxc5 59.Kb1 Kd4 60.Nc2+ Kd3 61.Rd7+ Ke2 62.Rh7 Ng3 63.Rg7 Nf5 64.Rh7 Nxh4
65.Rxh5 Rf4 66.Kb2 f5 67.Kc3 Rf3+ 68.Kc4 Kd2 69.Kd5 Kxc2 70.Kxe5 Rh3 71.Kd5 Kd3
72.Rh8 f4 73.Ra8 Re3 74.Ra4 Ng6 75.Ra3+ Ke2 76.Ra2+ Kf3 77.Kd4 Ne5 78.Rh2 Ng4  0-1

[Event "FSIMA February"]
[Site "Budapest HUN"]
[Date "2006.02.09"]
[Round "6"]
[White "Sanchez,Lo"]
[Black "Pavel,M"]
[Result "0-1"]
[WhiteElo "2301"]
[BlackElo "2190"]

1.e4 c5 2.Nc3 Nc6 3.Bb5 g6 4.Bxc6 dxc6 5.d3 Bg7 6.Be3 b6 7.Qd2 e5 8.Nge2 h6
9.O-O Nf6 10.h3 Qe7 11.a4 a5 12.f4 exf4 13.Nxf4 O-O 14.Rf2 Ba6 15.Raf1 Rad8
16.b3 Nd7 17.Nb1 Ne5 18.Qc1 Qh4 19.Na3 g5 20.g3 Qxg3+ 21.Rg2 Qh4 22.Nc4 Bxc4
23.bxc4 gxf4 24.Rxf4 Qxh3 25.Rf5 Ng4 26.Bf2 Nxf2 27.Rfxf2 Rd6 28.Rh2 Rg6+
29.Kh1 Qg3 30.Rhg2 Qd6 31.Rh2 Bd4 32.Rfg2 Kh7 33.Qf1 Be5 34.Rh5 Rxg2 35.Qxg2 Rg8
36.Qf1 Qf6 37.Qh3 Rg3 38.Qf5+ Qxf5 39.Rxf5 f6  0-1

[Event "ch-GER"]
[Site "Osterburg GER"]
[Date "2006.02.09"]
[Round "7"]
[White "Rathje,C"]
[Black "Namyslo,H"]
[Result "0-1"]
[WhiteElo "2130"]
[BlackElo "2279"]

1.e4 c5 2.Nc3 Nc6 3.Nf3 g6 4.d4 cxd4 5.Nxd4 Bg7 6.Be3 Nf6 7.Bc4 O-O 8.Bb3 d6
9.f3 Bd7 10.Qd2 Rc8 11.O-O-O Ne5 12.Kb1 a5 13.a4 Nc4 14.Bxc4 Rxc4 15.b3 Rc8
16.Ndb5 Ne8 17.g4 Nc7 18.Bb6 Nxb5 19.Bxd8 Nxc3+ 20.Qxc3 Rxc3 21.Bxe7 Rfc8
22.Rxd6 Rxc2 23.Bf6 Bxf6 24.Rxf6 Be6  0-1

[Event "ch-UKR g-20"]
[Site "Lviv UKR"]
[Date "2006.02.10"]
[Round "9"]
[White "Breslavska,G"]
[Black "Choba,Y"]
[Result "1-0"]
[WhiteElo "2102"]
[BlackElo "1783"]

1.e4 c5 2.Nf3 Nc6 3.Nc3 d6 4.d4 cxd4 5.Nxd4 e5 6.Nb3 Nf6 7.Be2 Be7 8.O-O O-O
9.Kh1 Be6 10.f4 exf4 11.Bxf4 Ne5 12.Qe1 a6 13.Rd1 Qc7 14.Nd4 Ng6 15.Bg5 h6
16.Be3 Kh7 17.Nf5 Bxf5 18.Rxf5 Qc8 19.Qf2 Qd7 20.e5 Ne8 21.Nd5 Rd8 22.Rxf7 Rxf7
23.Qxf7 Bf8 24.Qxd7 Rxd7 25.e6 Rd8 26.Bd3  1-0

[Event "TCh-HUN 2005-6"]
[Site "Hungary HUN"]
[Date "2006.02.12"]
[Round "7"]
[White "Bokros,A"]
[Black "Pergel,L"]
[Result "1/2-1/2"]
[WhiteElo "2426"]
[BlackElo "2341"]

1.e4 c5 2.Nf3 Nc6 3.Nc3 d6 4.Bb5 Bd7 5.Bxc6 Bxc6 6.d4 cxd4 7.Qxd4 Nf6 8.Bg5 e6
9.O-O-O Be7 10.Rhe1 O-O  1/2-1/2

[Event "TCh-HUN 2005-6"]
[Site "Hungary HUN"]
[Date "2006.02.12"]
[Round "7"]
[White "Nemeth,Mi1"]
[Black "Berczes,D"]
[Result "1/2-1/2"]
[WhiteElo "2378"]
[BlackElo "2472"]

1.e4 c5 2.Nf3 Nc6 3.Nc3 e5 4.Bc4 Be7 5.d3 d6 6.Nd2 Nf6 7.Nf1 Bg4 8.f3 Be6
9.Ne3 O-O 10.O-O Rb8 11.f4 exf4 12.Rxf4 Nd4 13.a4 Nd7 14.Ncd5 Bg5 15.Rf1 Ne5
16.Ba2 Ndc6  1/2-1/2

[Event "Premier"]
[Site "Portsmouth ENG"]
[Date "2006.02.17"]
[Round "1"]
[White "Webb,Ri"]
[Black "Duggan,M"]
[Result "1-0"]
[WhiteElo "2302"]
[BlackElo "2082"]

1.e4 c5 2.Nc3 Nc6 3.Nge2 g6 4.d4 cxd4 5.Nxd4 Bg7 6.Be3 d6 7.Qd2 Nf6 8.f3 O-O
9.Bc4 Bd7 10.O-O-O Qa5 11.Bb3 Rfc8 12.Kb1 Ne5 13.Bg5 Nc4 14.Bxc4 Rxc4 15.Nb3 Qd8
16.e5 Ne8 17.Nd5 f6 18.exf6 exf6 19.Be3 h5 20.Rhe1 Rxc2 21.Qxc2 Bf5 22.Rd3 Rc8
23.Qd2 a5 24.Bb6  1-0

[Event "Masters"]
[Site "Bunratty IRL"]
[Date "2006.02.18"]
[Round "2"]
[White "Jones,G"]
[Black "Van Voorthuijsen,PW"]
[Result "1-0"]
[WhiteElo "2418"]
[BlackElo "2265"]

1.e4 c5 2.Nf3 Nc6 3.Nc3 d6 4.d4 cxd4 5.Nxd4 Nf6 6.Bg5 e6 7.Qd2 Be7 8.O-O-O O-O
9.f4 h6 10.Bh4 e5 11.Nf5 Bxf5 12.exf5 exf4 13.Kb1 d5 14.Bxf6 Bxf6 15.Nxd5 Be5
16.f6 Bxf6 17.Qxf4 Be5 18.Qe4 f5 19.Qe1 Kh8 20.h4 Qd6 21.Rh3 Rae8 22.Re3 Qg6
23.Bc4 f4 24.Re2 Qg3 25.Bb5 f3 26.gxf3 Qxe1 27.Rdxe1 Rd8 28.Rxe5 Nxe5 29.Rxe5 Rxf3
30.a4 Rh3 31.h5 a6 32.Bd3 Rh4 33.b3 Rd4 34.Ne7 b5 35.axb5 axb5 36.Bxb5  1-0

[Event "Premier"]
[Site "Portsmouth ENG"]
[Date "2006.02.18"]
[Round "3"]
[White "Corkett,A"]
[Black "Rose,M"]
[Result "1-0"]
[WhiteElo "2354"]
[BlackElo "2219"]

1.e4 c5 2.Nc3 Nc6 3.Bb5 Nd4 4.Nf3 Nxb5 5.Nxb5 a6 6.Nc3 d6 7.d4 Bg4 8.d5 e5
9.dxe6 fxe6 10.h3 Bh5 11.g4 Bg6 12.Qe2 Be7 13.Bf4 Qc7 14.O-O-O O-O-O 15.Bg3 h5
16.Nh4 Bf7 17.f4 g5 18.fxg5 Bxg5+ 19.Kb1 Qe7 20.Nf3 hxg4 21.hxg4 Rxh1 22.Rxh1 Rd7
23.Na4 Rd8 24.Nxg5 Qxg5 25.Bh4 Qe5 26.Nb6+ Kc7 27.Nc4  1-0

[Event "Premier"]
[Site "Portsmouth ENG"]
[Date "2006.02.18"]
[Round "3"]
[White "Webb,Ri"]
[Black "Gormally,D"]
[Result "0-1"]
[WhiteElo "2302"]
[BlackElo "2573"]

1.e4 c5 2.Nc3 Nc6 3.Nge2 Nf6 4.d4 cxd4 5.Nxd4 d6 6.Bc4 Qb6 7.Nxc6 bxc6 8.O-O g6
9.e5 dxe5 10.Qe2 Qd4 11.Be3 Qd6 12.f4 Bg7 13.Ne4 Qc7 14.Nxf6+ Bxf6 15.Rae1 O-O
16.fxe5 Qxe5 17.Qf2 Qxb2 18.Kh1 Be6 19.Bxe6 fxe6  0-1

[Event "Premier"]
[Site "Portsmouth ENG"]
[Date "2006.02.19"]
[Round "6"]
[White "Berzinsh,R"]
[Black "Rose,M"]
[Result "1/2-1/2"]
[WhiteElo "2447"]
[BlackElo "2219"]

1.e4 c5 2.Nc3 Nc6 3.Bb5 Nd4 4.Bc4 e6 5.Nge2 a6 6.Nxd4 cxd4 7.Ne2 b5 8.Bb3 Bb7
9.d3 Qb6 10.O-O Ne7 11.Ng3 Qc5 12.Bd2 g6 13.Rc1 Bg7 14.f4 f5 15.Qe1 Qb6 16.Ba5 Qc6
17.Bb4 Bf6 18.Rf2 Bh4 19.c3 Rc8 20.Rfc2 Qb6 21.Kh1 a5 22.Bxe7 Bxe7 23.a4 O-O
24.axb5 fxe4 25.Nxe4 Qxb5 26.Bc4 Qf5 27.cxd4 Bb4 28.Qh4 Kg7 29.Nc5 Bxc5 30.dxc5 Rxc5
31.Qe7+ Rf7 32.Qd6 Rc6 33.Qe5+ Rf6 34.Kg1 Qxf4 35.Qxf4 Rxf4 36.Bb5 Rxc2 37.Rxc2 d6
38.Rc1 Rf7 39.Ra1 Rc7 40.Rxa5 Rc5 41.b4 Rc1+ 42.Kf2 Rc2+ 43.Ke3 Kf6 44.Ra7 Bxg2
45.Rxh7 Rb2 46.Be8 Rxb4 47.Rf7+ Ke5 48.Rg7 Rh4 49.Bxg6 Rh3+ 50.Kf2 Bd5 51.Rh7 Rf3+
52.Ke2 Rf8 53.Rh4 Rg8 54.Bh7 Rh8 55.Ke3 Kf6 56.Rh5 Kg7 57.Bg6 Rxh5 58.Bxh5 e5
59.Bg4 Ba2 60.Kf3 Bb1 61.Ke4 d5+ 62.Ke3 Bxd3 63.Kxd3 Kh8  1/2-1/2

[Event "US Amateur Team East"]
[Site "Parsippany USA"]
[Date "2006.02.20"]
[Round "6"]
[White "Friedel,J"]
[Black "Hellenschmidt,A"]
[Result "1-0"]
[WhiteElo "2455"]
[BlackElo "2075"]

1.e4 c5 2.Nf3 Nc6 3.Nc3 d6 4.d4 cxd4 5.Nxd4 Nf6 6.Bc4 Qb6 7.Nb3 e6 8.O-O a6
9.a4 Be7 10.Be3 Qc7 11.f4 b6 12.Bd3 Bb7 13.Qf3 Nb4 14.Qg3 Nxd3 15.cxd3 O-O
16.f5 Qd8 17.fxe6 fxe6 18.Nd4 Qd7 19.Nce2 Rae8 20.h3 Bd8 21.Rac1 b5 22.axb5 axb5
23.b4 Bb6 24.Kh1 e5 25.Nf5 Bxe3 26.Qxe3 d5 27.Neg3 d4 28.Qg5 Rc8 29.Rxc8 Rxc8
30.Nh5 Nxh5 31.Ne7+ Kh8 32.Nxc8  1-0

[Event "2nd Bundesliga Ost 2005-6"]
[Site "Austria AUT"]
[Date "2006.02.24"]
[Round "7"]
[White "Kopinits,A"]
[Black "Hangweyrer,R"]
[Result "0-1"]
[WhiteElo "2078"]
[BlackElo "2193"]

1.e4 c5 2.Nf3 Nc6 3.Nc3 g6 4.Bb5 Bg7 5.Bxc6 dxc6 6.h3 e5 7.d3 Qe7 8.Be3 Nf6
9.Qd2 Nd7 10.O-O Nf8 11.a3 Ne6 12.Nh2 O-O 13.b4 f5 14.f3 f4 15.Bf2 cxb4 16.axb4 Nd4
17.Rfb1 Bd7 18.Na4 b6 19.c3 Ne6 20.d4 Rfd8 21.Qa2 Kh8 22.Nxb6 axb6 23.Qxa8 Rxa8
24.Rxa8+ Nf8 25.d5 cxd5 26.Bxb6 dxe4 27.Bc5 Qf7 28.b5 Qd5 29.Bxf8 Qxa8 30.Bxg7+ Kxg7
31.fxe4 Qxe4 32.Rb3 Qe3+  0-1

[Event "2nd Bundesliga Ost 2005-6"]
[Site "Austria AUT"]
[Date "2006.02.25"]
[Round "8"]
[White "Manik,M"]
[Black "Ganaus,H"]
[Result "1/2-1/2"]
[WhiteElo "2451"]
[BlackElo "2321"]

1.e4 c5 2.Nf3 Nc6 3.Nc3 Nf6 4.Bb5 Qc7 5.O-O a6 6.Bxc6 dxc6 7.h3 e5 8.a4 g5
9.d3 h6 10.Nd2 a5 11.Nc4 Be6 12.Be3 Rg8 13.g4  1/2-1/2

[Event "13th Open Metalis"]
[Site "Bizovac CRO"]
[Date "2006.02.25"]
[Round "5"]
[White "Brkic,A"]
[Black "Majeric,Z"]
[Result "1-0"]
[WhiteElo "2506"]
[BlackElo "2301"]

1.e4 c5 2.Nf3 Nc6 3.Nc3 g6 4.d4 Bg7 5.dxc5 Qa5 6.Bd2 Qxc5 7.Nd5 Nd4 8.Nxd4 Bxd4
9.Bb4 Bxf2+ 10.Ke2 Qd4 11.Bc3 Qc5 12.b4  1-0

[Event "TCh-CZE Extraliga 2005-6"]
[Site "Czech Rep CZE"]
[Date "2006.02.25"]
[Round "8"]
[White "Zeleny,T"]
[Black "Malinovsky,K"]
[Result "1/2-1/2"]
[WhiteElo "2244"]
[BlackElo "2317"]

1.e4 c5 2.Nf3 Nc6 3.Nc3 d6 4.Bb5 Bd7 5.O-O Nf6 6.d4 cxd4 7.Nxd4 e6 8.Kh1 Be7
9.f4 O-O 10.Nf3 a6 11.Bd3 Qc7 12.a3 Rfd8 13.Qe2 Be8 14.e5 dxe5 15.fxe5 Nd5
16.Qe4 g6 17.Nxd5 Rxd5 18.Bf4 Rad8 19.Rae1 Nd4 20.Bg5 Nxf3 21.Bxe7 Nxe1 22.Bxd8 Qxe5
23.Rxe1 Qxe4 24.Bxe4 Rxd8 25.Bxb7 Rb8 26.Bxa6 Rxb2 27.Rc1 Ra2 28.Bb7 Rxa3
29.c4 Ra7 30.Bf3 Kf8 31.Kg1 Ke7 32.Kf2 f5 33.c5 g5 34.h3 h5 35.g4 Ra2+ 36.Ke3 hxg4
37.hxg4 Ra3+ 38.Kf2 fxg4 39.Bxg4 Bc6 40.Rg1 Rc3 41.Bxe6 Kxe6 42.Rxg5 Bd5
43.Ke2 Rxc5 44.Ke3 Ra5 45.Rh5 Ra4 46.Rh6+ Ke5 47.Rh5+ Kd6 48.Rh8 Kc5 49.Rc8+ Bc6
50.Rh8 Re4+ 51.Kd3 Rg4 52.Ke3 Rg3+ 53.Kf4 Rf3+ 54.Ke5 Re3+ 55.Kf4 Re4+ 56.Kf5 Kd4
57.Rd8+ Bd5 58.Rb8 Re1 59.Rb4+ Bc4 60.Ra4 Rf1+ 61.Kg5 Kd5 62.Ra5+ Ke6 63.Kg4 Bd5
64.Ra7 Rg1+ 65.Kf4 Rf1+ 66.Ke3 Ke5 67.Re7+ Be6 68.Ra7 Rh1 69.Re7 Rh3+ 70.Kd2 Kd5
71.Re8 Bf5 72.Rd8+ Kc4 73.Ke2 Be4 74.Rc8+ Kd4 75.Rd8+ Bd5 76.Kf2 Ra3 77.Rb8 Be4
78.Rd8+ Ke5 79.Ke2 Bc6 80.Rh8 Bf3+ 81.Kf2 Bg4 82.Rb8 Bf5 83.Ke2 Kf4 84.Kd2 Rd3+
85.Ke2 Rd4 86.Rf8 Rd6 87.Rf7 Ke4 88.Re7+ Kd4 89.Kf3 Rf6 90.Ra7 Be4+ 91.Kg4 Ke3
92.Ra3+ Bd3 93.Kh5 Rd6 94.Rb3 Ra6 95.Rc3 Rd6 96.Ra3 Kf4 97.Ra4+ Be4 98.Rb4 Ra6
99.Rd4 Ra5+  1/2-1/2